000 01047nab a22002417a 4500
999 _c5982
_d5982
003 OSt
005 20260115174839.0
008 190605e xxu||||| |||| 00| 0 spa d
040 _cPJ
100 _94565
_aGonzález Rossi, Alejandro
245 1 0 _aAportes a algunas iniciativas legislativas de pago de salarios con criptomonedas /
_cAlejandro González Rossi, Pablo Mastromarino.
260 _aCiudad Autónoma de Buenos Aires :
_bThomson Reuters La Ley,
_c2022.
300 _ap. 29-41
500 _aCita: TR LALEY AR/DOC/1523/2022.
505 _aSumario: I. Introducción. — II. El proyecto de ley. — III. Conclusiones.
505 _t¿Te interesa el texto completo? Solicitalo al correo: koha@justierradelfuego.gov.ar
650 0 _91316
_aDERECHO LABORAL
650 0 _91318
_aREMUNERACION
653 _aCRIPTOMONEDA
700 _96809
_aMastromarino, Pablo
773 0 _02711
_93168
_dCiudad Autónoma de Buenos Aires : Thomson Reuters La Ley, 1999-2002.
_tRevista de derecho del trabajo. Nº 6 - Noviembre 2022
942 _2udc
_cANA